Bridging the rural–urban divide: Analysing India’s strides in essential amenities through NFHS data (Record no. 532023)

000 -LEADER
fixed length control field 01418nam a22001337a 4500
008 - FIXED-LENGTH DATA ELEMENTS--GENERAL INFORMATION
fixed length control field 251126b ||||| |||| 00| 0 eng d
100 ## - MAIN ENTRY--PERSONAL NAME
Personal name Shukla, Vachaspati
245 ## - TITLE STATEMENT
Title Bridging the rural–urban divide: Analysing India’s strides in essential amenities through NFHS data
260 ## - PUBLICATION, DISTRIBUTION, ETC. (IMPRINT)
Place of publication, distribution, etc Indian Journal of Public Administration
300 ## - PHYSICAL DESCRIPTION
Extent 71(3), Sep, 2025: p.650-657
520 ## - SUMMARY, ETC.
Summary, etc Over the past two decades, India’s development policies have focused on addressing fundamental human needs through mission-oriented schemes, analysed in this Note using data from the National Family Health Survey (NFHS) spanning nearly 30 years. Targeted mission-oriented schemes and public awareness campaigns have significantly improved access to basic amenities, with faster progress observed in rural areas, reducing rural–urban disparities. The NFHS-5 Survey (2019–2021) indicates the disappearance of the rural–urban gap in electricity and banking access, previously evident in NFHS-4 (2015–2016). Despite notable improvements in rural sanitation, LPG usage and pucca house construction, a substantial rural–urban disparity persists, emphasising the need for continued efforts to ensure equitable access for comprehensive and inclusive development.- Reproduced

https://journals.sagepub.com/doi/full/10.1177/00195561251365304
773 ## - HOST ITEM ENTRY
Main entry heading Indian Journal of Public Administration
942 ## - ADDED ENTRY ELEMENTS (KOHA)
Item type Articles
Holdings
Withdrawn status Lost status Source of classification or shelving scheme Damaged status Not for loan Permanent location Current location Date acquired Serial Enumeration / chronology Barcode Date last seen Koha item type
          Indian Institute of Public Administration Indian Institute of Public Administration 2025-11-26 71(3), Sep, 2025: p.650-657 AR137662 2025-11-26 Articles

Powered by Koha